Trouvez les personnages historiques très mal décrits - Statistiques

Statistiques générales
  • Ce quiz a été pris 46 fois
  • Le résultat moyen est 2 sur 12
Statistiques - réponses
Hint Réponse % Correct
Biologiste spécialisé dans les poires volantes Isaac Newton
78%
Animateur de camps de vacances ukrainien Joseph Staline
28%
Influenceuse morte de vieillesse en 1945 Anne Frank
23%
Souverain irlandais très carré qui arborait un arc légendaire Le Roi Arthur
20%
Esclavagiste, leader d'une guerilla sudiste Abraham Lincoln
15%
Nabot turc qui passa sa vie à se faire envahir Alexandre le Grand
10%
Breton parti faire la guerre en Allemagne Guillaume le Conquérant
8%
Terreplatiste notoire qui est resté toute sa vie dans la même ville Fernand de Magellan
5%
Belligérant chinois connu pour sa révolte sanglante Gandhi
5%
Philosophe assombri qu'on représente toujours debout Bouddha
3%
Pilier de l'extrème droite autrichienne Karl Marx
3%
Guitariste aveugle harcelant des jeunes filles par mail Ludwig van Beethoven
3%
Aucun quiz correspondant
Distribution des résultats
% des personnes avec chaque résultat
Percentile par nombre de réponses
Votre historique - résultats
Vous n’avez pas pris ce quiz